<?xml version="1.0" encoding="UTF-8"?>
<record
    xmlns:xsi="http://www.w3.org/2001/XMLSchema-instance"
    xsi:schemaLocation="http://www.loc.gov/MARC21/slim http://www.loc.gov/standards/marcxml/schema/MARC21slim.xsd"
    xmlns="http://www.loc.gov/MARC21/slim">

  <leader>02152nam a2200313   4500</leader>
  <controlfield tag="001">62</controlfield>
  <controlfield tag="003">OSt</controlfield>
  <controlfield tag="005">20250528074010.0</controlfield>
  <controlfield tag="008">250122b        |||||||g |||| 00| 1 eng d</controlfield>
  <datafield tag="020" ind1=" " ind2=" ">
    <subfield code="a">9788535923063</subfield>
  </datafield>
  <datafield tag="040" ind1=" " ind2=" ">
    <subfield code="b">por</subfield>
  </datafield>
  <datafield tag="041" ind1=" " ind2=" ">
    <subfield code="h">eng</subfield>
    <subfield code="a">por</subfield>
  </datafield>
  <datafield tag="082" ind1=" " ind2=" ">
    <subfield code="a">ir820</subfield>
    <subfield code="b">B792m</subfield>
  </datafield>
  <datafield tag="100" ind1="1" ind2=" ">
    <subfield code="a">Boyne, John,</subfield>
    <subfield code="d">1971-</subfield>
    <subfield code="9">160</subfield>
  </datafield>
  <datafield tag="240" ind1=" " ind2=" ">
    <subfield code="a">The boy in the striped pyjamas: a fable</subfield>
  </datafield>
  <datafield tag="245" ind1=" " ind2=" ">
    <subfield code="a">O menino do pijama listrado /</subfield>
    <subfield code="c">Boyne, John ; Tradu&#xE7;&#xE3;o de Augusto Pacheco Calil </subfield>
  </datafield>
  <datafield tag="260" ind1=" " ind2=" ">
    <subfield code="a">S&#xE3;o Paulo</subfield>
    <subfield code="b">Companhia das Letras</subfield>
    <subfield code="c">2013</subfield>
  </datafield>
  <datafield tag="300" ind1=" " ind2=" ">
    <subfield code="a">186 p.</subfield>
  </datafield>
  <datafield tag="520" ind1=" " ind2=" ">
    <subfield code="a">Bruno tem nove anos e n&#xE3;o sabe nada sobre o Holocausto e a Solu&#xE7;&#xE3;o Final contra os judeus. Tamb&#xE9;m n&#xE3;o faz id&#xE9;ia que seu pa&#xED;s est&#xE1; em guerra com boa parte da Europa, e muito menos que sua fam&#xED;lia est&#xE1; envolvida no conflito. Na verdade, Bruno sabe apenas que foi obrigado a abandonar a espa&#xE7;osa casa em que vivia em Berlim e a mudar-se para uma regi&#xE3;o desolada, onde ele n&#xE3;o tem ningu&#xE9;m para brincar nem nada para fazer. Da janela do quarto, Bruno pode ver uma cerca, e para al&#xE9;m dela centenas de pessoas de pijama, que sempre o deixam com frio na barriga.

Em uma de suas andan&#xE7;as Bruno conhece Shmuel, um garoto do outro lado da cerca que curiosamente nasceu no mesmo dia que ele. Conforme a amizade dos dois se intensifica, Bruno vai aos poucos tentando elucidar o mist&#xE9;rio que ronda as atividades de seu pai. O menino do pijama listrado &#xE9; uma f&#xE1;bula sobre amizade em tempos de guerra, e sobre o que acontece quando a inoc&#xEA;ncia &#xE9; colocada diante de um monstro terr&#xED;vel e inimagin&#xE1;vel.

"Um livro maravilhoso." - The Guardian

"Intenso e perturbador [...] pode-se tornar uma introdu&#xE7;&#xE3;o t&#xE3;o memor&#xE1;vel ao tema como O di&#xE1;rio de Anne Frank foi em sua &#xE9;poca." - USA Today

"Um livro t&#xE3;o simples e t&#xE3;o bem escrito que beira a perfei&#xE7;&#xE3;o." - The Irish Independent</subfield>
  </datafield>
  <datafield tag="650" ind1=" " ind2="0">
    <subfield code="a">Literatura Irlandesa</subfield>
    <subfield code="9">87</subfield>
  </datafield>
  <datafield tag="650" ind1=" " ind2="0">
    <subfield code="a">Drama</subfield>
    <subfield code="9">18</subfield>
  </datafield>
  <datafield tag="650" ind1=" " ind2="0">
    <subfield code="a">Grandes Amizades</subfield>
    <subfield code="9">28</subfield>
  </datafield>
  <datafield tag="650" ind1=" " ind2="0">
    <subfield code="a">2&#xB0; Guerra Mundial</subfield>
    <subfield code="9">56</subfield>
  </datafield>
  <datafield tag="650" ind1=" " ind2="0">
    <subfield code="a">Guerra</subfield>
    <subfield code="9">30</subfield>
  </datafield>
  <datafield tag="655" ind1=" " ind2="0">
    <subfield code="a">Romance</subfield>
    <subfield code="9">23</subfield>
  </datafield>
  <datafield tag="655" ind1=" " ind2="0">
    <subfield code="a">Fic&#xE7;&#xE3;o </subfield>
    <subfield code="9">22</subfield>
  </datafield>
  <datafield tag="700" ind1=" " ind2=" ">
    <subfield code="a">Augusto Pacheco Calil</subfield>
    <subfield code="e">Tradutor</subfield>
    <subfield code="9">161</subfield>
  </datafield>
  <datafield tag="942" ind1=" " ind2=" ">
    <subfield code="2">ddc</subfield>
    <subfield code="n">0</subfield>
    <subfield code="c">BK</subfield>
  </datafield>
  <datafield tag="952" ind1=" " ind2=" ">
    <subfield code="0">0</subfield>
    <subfield code="1">0</subfield>
    <subfield code="2">ddc</subfield>
    <subfield code="4">0</subfield>
    <subfield code="7">0</subfield>
    <subfield code="8">FIC</subfield>
    <subfield code="a">BIBIB</subfield>
    <subfield code="b">BIBIB</subfield>
    <subfield code="c">LE</subfield>
    <subfield code="d">2014-03-21</subfield>
    <subfield code="e">doa&#xE7;&#xE3;o</subfield>
    <subfield code="l">0</subfield>
    <subfield code="o">ir820 / B792m</subfield>
    <subfield code="p">2025-14868</subfield>
    <subfield code="r">2025-01-22 15:34:22</subfield>
    <subfield code="w">2025-01-22</subfield>
    <subfield code="y">BK</subfield>
  </datafield>
  <datafield tag="999" ind1=" " ind2=" ">
    <subfield code="c">62</subfield>
    <subfield code="d">62</subfield>
  </datafield>
</record>
